| 000 | 00000nam##2200000za#4500 |
| 001 | 9.661257 |
| 003 | CaOODSP |
| 005 | 20241203113635 |
| 007 | ta |
| 008 | 150407|1999||||xxc||||| f|0| 0 eng|d |
| 020 | |a0-662-64435-2 |
| 040 | |aCaOODSP|beng |
| 041 | |aeng |
| 041 | |afre |
| 043 | |an-cn--- |
| 086 | 1 |aEn21-193/1999 |
| 110 | 1 |aCanada. |bEnvironment Canada. |
| 245 | 10|aManagement framework for planning, reporting and accountability |
| 260 | |aOttawa - Ontario : |bEnvironment Canada |c1999. |
| 300 | |a22p. ; |c28 cm. |
| 546 | |aBilingual |
| 563 | |aSoftcover |
| 590 | |a00-22|b2000-06-22 |
| 690 | 07|aEnvironmental policy|2gcpds |
| 690 | 07|aManagement|2gcpds |
| 690 | 07|aEnvironment|2gcpds |
| 776 | 0#|tCadre de gestion pour la planification, le rapport et la responsabilisation |w(CaOODSP)9.640292 |
| 776 | 0#|tManagement framework for planning, reporting and accountability |w(CaOODSP)9.696174 |
| 792 | |tCadre de gestion pour la planification, le rapport et la responsabilisation |efre|w(CaOODSP)9.661258 |